Nanoplasmonics : (Record no. 21509)
[ view plain ]
| 000 -LEADER | |
|---|---|
| fixed length control field | 00999cam a22002775a 4500 |
| 001 - CONTROL NUMBER | |
| control field | 17853326 |
| 005 - DATE AND TIME OF LATEST TRANSACTION | |
| control field | 20160327134027.0 |
| 008 - FIXED-LENGTH DATA ELEMENTS--GENERAL INFORMATION | |
| fixed length control field | 130815t2014 flua frb 001 0 eng d |
| 020 ## - INTERNATIONAL STANDARD BOOK NUMBER | |
| International Standard Book Number | 9781466514263 (hardcover : alk. paper) |
| 040 ## - CATALOGING SOURCE | |
| Original cataloging agency | DLC |
| Language of cataloging | eng |
| Transcribing agency | DLC |
| Modifying agency | DLC |
| -- | EG-ScBUE |
| 082 04 - DEWEY DECIMAL CLASSIFICATION NUMBER | |
| Edition number | 22 |
| Classification number | 621.381 |
| Item number | NAN |
| 245 00 - TITLE STATEMENT | |
| Title | Nanoplasmonics : |
| Remainder of title | advanced device applications / |
| Statement of responsibility, etc | edited by James W. M. Chon, Krzysztof Iniewski. |
| 260 ## - PUBLICATION, DISTRIBUTION, ETC. (IMPRINT) | |
| Place of publication, distribution, etc | Boca Raton : |
| Name of publisher, distributor, etc | CRC Press / Taylor & Francis Group, |
| Date of publication, distribution, etc | c.2014. |
| 300 ## - PHYSICAL DESCRIPTION | |
| Extent | xiv, 256 p. : |
| Other physical details | ill. ; |
| Dimensions | 24 cm. |
| 490 0# - Series Statement | |
| Series statement | Devices, circuits, and systems. |
| 500 ## - GENERAL NOTE | |
| General note | Index : p. 245-256. |
| 504 ## - BIBLIOGRAPHY, ETC. NOTE | |
| Bibliography, etc | Includes bibliographical references. |
| 650 #0 - SUBJECT ADDED ENTRY--TOPICAL TERM | |
| Topical term or geographic name as entry element | Nanoelectronics |
| General subdivision | Materials. |
| Source of heading or term | BUEsh |
| 9 (RLIN) | 39677 |
| 650 #7 - SUBJECT ADDED ENTRY--TOPICAL TERM | |
| Topical term or geographic name as entry element | Plasmons (Physics) |
| Source of heading or term | BUEsh |
| 9 (RLIN) | 31408 |
| 650 #7 - SUBJECT ADDED ENTRY--TOPICAL TERM | |
| Topical term or geographic name as entry element | Surface plasmon resonance. |
| Source of heading or term | BUEsh |
| 9 (RLIN) | 36995 |
| 651 ## - SUBJECT ADDED ENTRY--GEOGRAPHIC NAME | |
| Source of heading or term | BUEsh |
| 653 ## - INDEX TERM--UNCONTROLLED | |
| Resource For college | Pharmacy |
| Arrived date list | March2016 |
| 700 1# - ADDED ENTRY--PERSONAL NAME | |
| Personal name | Chon, James W. M., |
| Relator term | editor. |
| 700 1# - ADDED ENTRY--PERSONAL NAME | |
| Personal name | Iniewski, Krzysztof, |
| Dates associated with a name | 1960- |
| Relator term | editor. |
| 942 ## - ADDED ENTRY ELEMENTS (KOHA) | |
| Source of classification or shelving scheme | Dewey Decimal Classification |
| Withdrawn status | Item status | Source of classification or shelving scheme | Damaged status | Not for loan | Vendor | Home library | Current library | Shelving location | Date acquired | Source of acquisition | Cost, normal purchase price | Total Checkouts | Full call number | Barcode | Date last seen | Cost, replacement price | Koha item type |
|---|---|---|---|---|---|---|---|---|---|---|---|---|---|---|---|---|---|
| Dewey Decimal Classification | Scientific home BookShop | Central Library | Central Library | First floor | 27/03/2016 | Purchase | 1390.00 | 621.381 NAN | 000032184 | 15/07/2025 | 1737.50 | Book - Borrowing |